| 000 | 00634nam a2200229Ia 4500 | ||
|---|---|---|---|
| 003 | OSt | ||
| 005 | 20251029191733.0 | ||
| 008 | 210423s2014 xx 000 0 und d | ||
| 020 | _a81-7288-506-7 | ||
| 040 | _cAL | ||
| 041 | _aEnglish | ||
| 082 |
_a350 _bFADP |
||
| 100 |
_aFadia B L _990058 |
||
| 245 |
_aPublic administration _bapur, Preeti |
||
| 260 |
_aAgra _bSahitya Bhawan Publications _c2014 |
||
| 300 |
_a1168 _bPB |
||
| 365 |
_b750 _cINR |
||
| 650 |
_aPublic Administration _990059 |
||
| 700 |
_aFadia, Kuldeep _9243170 |
||
| 906 | _aadministration: ; Administrative ; concepts ; Public ; theories | ||
| 942 |
_2ddc _cBK |
||
| 999 |
_c170053 _d170053 |
||